<?xml version="1.0" encoding="UTF-8"?>
<collection xmlns="http://www.loc.gov/MARC21/slim">
  <record>
    <leader>00000nam  2200000   4500</leader>
    <controlfield tag="001">INLIS000000000003002</controlfield>
    <controlfield tag="005">20190329110341</controlfield>
    <datafield tag="035" ind1="#" ind2="#">
      <subfield code="a">0010-0718003002</subfield>
    </datafield>
    <controlfield tag="008">190329################g##########0#ind##</controlfield>
    <datafield tag="020" ind1="#" ind2="#">
      <subfield code="a">9789797093259</subfield>
    </datafield>
    <datafield tag="041" ind1=" " ind2=" ">
      <subfield code="a">id</subfield>
    </datafield>
    <datafield tag="082" ind1="#" ind2="#">
      <subfield code="a">080598</subfield>
    </datafield>
    <datafield tag="090" ind1=" " ind2=" ">
      <subfield code="a">080598 MEM</subfield>
    </datafield>
    <datafield tag="100" ind1=" " ind2="#">
      <subfield code="a">Verdiansyah, Chris</subfield>
    </datafield>
    <datafield tag="245" ind1="1" ind2="#">
      <subfield code="a">Membongkar Budaya.Visi Indonesia 2030 Dan Tantangan Menuju Raksasa Dunia /</subfield>
      <subfield code="c">Chris Verdiansyah</subfield>
    </datafield>
    <datafield tag="260" ind1="#" ind2="#">
      <subfield code="a">Jakarta :</subfield>
      <subfield code="b">P.Kompas Media Nusantara,</subfield>
      <subfield code="c">2007</subfield>
    </datafield>
    <datafield tag="300" ind1="#" ind2="#">
      <subfield code="a">xxv., 354 hlm. :</subfield>
      <subfield code="b">ilus ;</subfield>
      <subfield code="c">22 cm</subfield>
    </datafield>
    <datafield tag="650" ind1=" " ind2="#">
      <subfield code="a">Budaya</subfield>
    </datafield>
    <datafield tag="084" ind1="#" ind2="#">
      <subfield code="a">080598 Mem</subfield>
    </datafield>
    <datafield tag="250" ind1="#" ind2="#">
      <subfield code="a">Edisi Baru</subfield>
    </datafield>
    <datafield tag="856" ind1="#" ind2="#">
      <subfield code="a">Perpustakaan Lembaga Administrasi Negara</subfield>
    </datafield>
    <datafield tag="520" ind1="#" ind2="#">
      <subfield code="a">Mengapa Indonesia tidak bangkit dari krisis? Mengapa Bangsa Indonesia terkesan kurang kreatif untuk segera melepaskan diri dari keterpurukan?&#13;
Buku ini disusun oleh Redaksi Kompas berdasarkan buah pikiran pakar dan praktisi diberbagai bidang dalam diskusi khusus membahas persoalan nasional dan memcari Visi Indonesia 2030.Gagasan  diskusi tersebut ditekankan oleh Jakop Oetama,"Untuk melakukan reforkmasi diketiga panggung itu diperlukan perubahan prinsip, tata peraturan, dan hukum. Namun, diperlukan juga perubahan sikap dan orientasi. Perubahan sikap dan orientasi hanya terlaksana jika disertai perubahan budaya.</subfield>
    </datafield>
    <datafield tag="990" ind1="#" ind2="#">
      <subfield code="a">090212134</subfield>
    </datafield>
    <datafield tag="990" ind1="#" ind2="#">
      <subfield code="a">090212133</subfield>
    </datafield>
    <datafield tag="990" ind1="#" ind2="#">
      <subfield code="a">090212133</subfield>
    </datafield>
    <datafield tag="990" ind1="#" ind2="#">
      <subfield code="a">090212134</subfield>
    </datafield>
  </record>
</collection>
